[Event "Elekes mem"]
[Site "Budapest"]
[Date "1996.??.??"]
[Round "4"]
[White "McDonald, Neil R"]
[Black "Horvath, Jozsef"]
[Result "1-0"]
[WhiteElo "2450"]
[BlackElo "2505"]

1.e4 c5 2.Nf3 Nc6 3.d4 cxd4 4.Nxd4 Qc7 5.Nc3 e6 6.Be2 a6 7.O-O Nf6 8.Be3 Be7
9.Kh1 O-O 10.f4 d6 11.a4 Re8 12.Bf3 Rb8 13.Qe1 Nxd4 14.Bxd4 e5 15.Ba7 Ra8
16.Be3 Be6 17.f5 Bc4 18.Rg1 d5 19.Qg3 Bd8 20.exd5 e4 21.d6 Qd7 22.Bh6 g6
23.fxg6 hxg6 24.Be2 Bxe2 25.Nxe2 e3 26.h3 Bb6 27.Rad1 Ne4 28.Qf3 Nf2+ 29.Kh2 Re6
30.Rd5 Rxd6 31.Qf6 Rxf6 32.Rxd7 Rc8 33.c3 Kh7 34.Bf4 Rc4 35.Rxb7 Nd3 36.Bg3 Nxb2
37.a5 Bxa5 38.Rxb2 g5 39.Ra2 Rf5 40.Rga1 Bxc3 41.Rc1 Rfc5 42.Rac2  1-0

[Event "Budapest FS03 GM"]
[Site "Budapest"]
[Date "1996.??.??"]
[Round "6"]
[White "Tolnai, Tibor"]
[Black "Fogarasi, Tibor"]
[Result "1-0"]
[WhiteElo "2450"]
[BlackElo "2500"]

1.e4 c5 2.Nf3 Nc6 3.d4 cxd4 4.Nxd4 Qc7 5.Nc3 e6 6.f4 a6 7.Nxc6 Qxc6 8.Bd3 b5
9.Qe2 Bb7 10.a3 Bc5 11.Be3 Bxe3 12.Qxe3 Nf6 13.O-O-O O-O-O 14.Qg3 g6 15.Qh4 Ne8
16.Rhe1 f5 17.Qf2 Kb8 18.Qd4 Rf8 19.g3 Nd6 20.Rd2 Rf7 21.Bf1 Nc8 22.exf5 gxf5
23.Bg2 d5 24.Qe5+ Ka8 25.Ne2 Qc4 26.Kb1 Rd6 27.Nd4 b4 28.a4 Re7 29.Bf1 Qc7
30.Nb3 Red7 31.Qd4 a5 32.Bb5 Bc6 33.Qc5 Na7 34.Bxc6+ Nxc6 35.Rde2 Re7 36.Rd1 Red7
37.Qb5 Rd8 38.Rde1 Re8 39.Nc5 Qb8 40.Nxe6 Qxb5 41.axb5  1-0

[Event "Budapest FS05 IM"]
[Site "Budapest"]
[Date "1996.??.??"]
[Round "9"]
[White "Farago, Sandor"]
[Black "Tcebekov, Khongor"]
[Result "1/2-1/2"]
[WhiteElo "2365"]
[BlackElo "2315"]

1.e4 c5 2.Nf3 Nc6 3.d4 cxd4 4.Nxd4 Qb6 5.Nb3 Nf6 6.Nc3 e6 7.Be3 Qd8 8.a3 Be7
9.Be2 O-O 10.O-O d6 11.f4 a6 12.Bf3 Na5 13.Nxa5 Qxa5 14.Qd2 Qc7 15.Rad1 Bd7
16.Qf2 Bc6 17.Bb6 Qc8 18.Rfe1 Nd7 19.Bd4 b5 20.Qg3 e5 21.fxe5 dxe5 22.Be3 Re8
23.Bg4 Qb7 24.Bxd7 Bxd7 25.Nd5 Rad8 26.Kh1 Kh8 27.Rd3 f6 28.Red1 Be6 29.Qf2 Bf8
30.Bc5 Bxc5 31.Qxc5 Rc8 32.Qf2 Rc4 33.Nc3 h6 34.h3 b4 35.axb4 Qxb4 36.Rd6 Bg8
37.Rb6 Qe7 38.Rxa6 Rb8 39.Ra7 Qc5 40.Qxc5 Rxc5 41.Rdd7 Rxb2 42.Na4 Rb1+ 43.Kh2 Rxc2
44.Rxg7 Ra1 45.Rg6 Bb3 46.Rxh6+ Kg8 47.Rg6+ Kh8 48.Rxf6 Raa2 49.Rf8+ Bg8
50.Kg3 Rxg2+ 51.Kh4 Rg7 52.Raa8 Rag2 53.Rf5 Rh7+ 54.Rh5 Rxh5+ 55.Kxh5 Kg7
56.Nc5 Bf7+ 57.Kh4 Bg6 58.Ra7+ Bf7 59.Ra5 Bg6 60.Ne6+ Kf6 61.Ng5 Rf2 62.Ra6+ Kg7
63.Kg3 Re2 64.Ra4 Kh6 65.h4 Kh5 66.Ra5 Bxe4 67.Rxe5 Bd3 68.Rd5 Bc4 69.Rc5 Bg8
70.Ne6+ Kh6 71.Nd4 Re4 72.Nf5+ Kg6 73.h5+ Kf6 74.Nh4 Be6 75.Nf3 Rc4 76.Ra5 Rg4+
77.Kf2 Rg7 78.Ke3 Bg4 79.Ra6+ Kf5 80.Nd4+ Kg5 81.Ra5+ Kh6 82.Kf4 Bd7 83.Rd5 Rg4+
84.Ke3 Rg3+ 85.Kf2 Rg7 86.Ne2 Rf7+ 87.Ke3 Re7+ 88.Kd2 Bg4 89.Ng3 Rd7  1/2-1/2

[Event "JUG-chT"]
[Site "Budva"]
[Date "1996.??.??"]
[Round "1"]
[White "Danilovic, Milorad"]
[Black "Knezevic, Bojan"]
[Result "1-0"]
[WhiteElo "2340"]
[BlackElo "2380"]

1.e4 c5 2.Nf3 Nc6 3.d4 cxd4 4.Nxd4 Qb6 5.Nb5 a6 6.N5c3 e6 7.Bd3 Qc7 8.O-O b5
9.a3 Nf6 10.Bg5 Be7 11.Nd2 Rb8 12.Qe2 d6 13.f4 h6 14.Bh4 Nd4 15.Qe1 Qa7 16.Kh1 Ng4
17.Bxe7 Qxe7 18.Qg3 h5 19.h3 Qa7 20.Rae1 Kf8 21.e5 d5 22.Qh4 Kg8 23.Qd8+  1-0

[Event "JUG-chT"]
[Site "Budva"]
[Date "1996.??.??"]
[Round "5"]
[White "Petkovic, Radoslov"]
[Black "Djukic, Zeljko"]
[Result "1/2-1/2"]
[WhiteElo "2320"]
[BlackElo "2385"]

1.e4 c5 2.Nf3 Nc6 3.d4 cxd4 4.Nxd4 Qc7 5.Nc3 e6 6.g3 a6 7.Bg2 Nf6 8.O-O Bc5
9.Bf4 Ne5 10.Na4 Ba7 11.c4 d6 12.Rc1 Bd7 13.c5 dxc5 14.Nxc5 Bxc5 15.b4 b6
16.bxc5 bxc5 17.Nb3 Ba4 18.Qd4 cxd4 19.Rxc7 Nfd7 20.Nxd4 O-O 21.Rb1 Rab8
22.Rxb8 Rxb8 23.Bf1 h6 24.a3 Rb1 25.Rc8+ Kh7 26.Rc1 Rb6 27.Be3 Ng4 28.Bd2 e5  1/2-1/2

[Event "Calcutta op"]
[Site "Calcutta"]
[Date "1996.??.??"]
[Round "5"]
[White "Howell, James C"]
[Black "Rahman, Ziaur"]
[Result "1/2-1/2"]
[WhiteElo "2490"]
[BlackElo "2455"]

1.e4 c5 2.Nf3 Nc6 3.d4 cxd4 4.Nxd4 Qc7 5.Nc3 e6 6.Be2 a6 7.O-O Nf6 8.Be3 Bb4
9.Na4 Be7 10.c4 Nxe4 11.c5 O-O 12.g3 d5 13.cxd6 Qxd6 14.Nxc6 bxc6 15.Qc2 Nf6
16.Nb6 Rb8 17.Bf4 e5 18.Nc4 Qc5 19.Bxe5 Rb4 20.Bf4 Bf5 21.Qc1 Bg4 22.Bd3 Qd5
23.Qc2 Rd8 24.a3 Rb7 25.Be2 Qh5 26.Rfe1 Bc5 27.h4 Bd4 28.Bg5 h6 29.Bxf6 Bxf6
30.Bxg4 Qxg4 31.Kg2 g6 32.Re4 Qf5 33.Rae1 Kg7 34.R1e3 Qd5 35.Kh2 Qd1 36.Qxd1 Rxd1
37.Re1 Rxe1 38.Rxe1 c5 39.Kg2 Rd7 40.Kf3 Rd4 41.b3 Rd3+ 42.Re3 Rd1 43.Ke2 Rb1
44.Rd3 h5 45.Kf3 Bd4 46.b4 Rc1 47.Nd2 Rc2 48.bxc5 Bxc5 49.Ne4 Be7 50.Rd7 Kf8
51.a4 Ra2 52.Rd4 f6 53.Rc4 Kf7 54.Ke3 Ra3+ 55.Kd4 g5 56.hxg5 fxg5 57.Ke5 h4
58.Rc7 Rxa4 59.Nd6+ Kf8 60.Rc8+ Kg7 61.Nf5+ Kf7 62.Rc7 Ra5+ 63.Ke4 Kf6 64.Rc6+  1/2-1/2

[Event "Calcutta op"]
[Site "Calcutta"]
[Date "1996.??.??"]
[Round "6"]
[White "Saravanan, V."]
[Black "Reefat bin Satter"]
[Result "1/2-1/2"]
[WhiteElo "2375"]
[BlackElo "2465"]

1.e4 c5 2.Nf3 Nc6 3.d4 cxd4 4.Nxd4 Qc7 5.Nc3 e6 6.Be3 a6 7.Bd3 Nf6 8.O-O Ne5
9.h3 Bc5 10.Qe2 d6 11.a4 O-O 12.a5 Bd7 13.f4 Ng6 14.Nb3 Bxe3+ 15.Qxe3 e5
16.Ne2 d5 17.exd5 Nxd5 18.Qc5 Bc6 19.fxe5 Qxe5 20.Ned4 Qg3 21.Rf3 Qe5 22.Raf1 Nh4
23.R3f2 Qg3 24.Ne2 Qe3 25.Ned4 Qg3 26.Ne2 Qe3 27.Ned4  1/2-1/2

[Event "Calcutta op"]
[Site "Calcutta"]
[Date "1996.??.??"]
[Round "7"]
[White "Joydev, Saha"]
[Black "Hegde, Ravi Gopal"]
[Result "0-1"]
[WhiteElo "2135"]
[BlackElo "2355"]

1.e4 c5 2.Nf3 Nc6 3.d4 cxd4 4.Nxd4 Qb6 5.Nb3 Nf6 6.Nc3 e6 7.Be3 Qc7 8.Bd3 a6
9.O-O b5 10.a3 d6 11.f4 Be7 12.Qf3 Bb7 13.Rae1 O-O 14.Qg3 b4 15.axb4 Nxb4
16.e5 Nfd5 17.Bd4 g6 18.Ne4 dxe5 19.Bxe5 Qd8 20.Rd1 f6 21.Bd4 Nxd3 22.Rxd3 Nb4
23.Nec5 Nxd3 24.Nxe6 Qd5 25.Nxf8 Rxf8 26.cxd3 Qxb3 27.f5 Qd5 28.Qf2 Qxf5
29.Qe3 Qd5 30.Rf2 Bd6 31.Bc3 Be5 32.d4 Bd6 33.Re2 f5 34.Qd2 f4 35.Bb4 f3
36.Rf2 Bf4 37.Qc3 Rc8 38.Bc5 Re8 39.Rxf3 Re3  0-1

[Event "Calcutta op"]
[Site "Calcutta"]
[Date "1996.??.??"]
[Round "8"]
[White "Slobodjan, Roman"]
[Black "Rahman, Ziaur"]
[Result "1/2-1/2"]
[WhiteElo "2525"]
[BlackElo "2455"]

1.e4 c5 2.Nf3 Nc6 3.d4 cxd4 4.Nxd4 Qc7 5.Nc3 e6 6.g3 a6 7.Bg2 Bb4 8.O-O Nge7
9.Nxc6 Nxc6 10.Bf4 Ne5 11.Na4 Be7 12.c4 d6 13.Rc1 Bd7 14.c5 Rd8 15.cxd6 Qxd6
16.Nc5 Bc6 17.Qh5 Bf6 18.Rfd1 g6 19.Rxd6 gxh5 20.Rxd8+ Kxd8 21.Bd2 Nd7 22.Ba5+ Ke8
23.b3 Nxc5 24.Rxc5 Bd4 25.Rxh5 f6 26.Rh4 Kf7 27.Bf1 Kg7 28.Rg4+ Kf7 29.Rh4 Kg7
30.Bc4 Re8 31.Bd2 b5 32.Rg4+ Kf7 33.Be2 Rd8 34.Bh6 Ke7 35.Kf1 Kd6 36.Bd2 Rd7
37.Rh4 Kc5 38.Be1 b4 39.Bxa6 Ra7 40.Bc4 e5 41.Rh6 Rxa2 42.Rxf6 Bxe4 43.f3 Bb7
44.Rf7 Bc6 45.h4 e4 46.Rf5+ Kb6 47.fxe4 Bxe4 48.Rb5+ Kc6 49.Bxb4 Bg2+ 50.Ke1 Bf2+
51.Kd1 Bf3+ 52.Kc1 Be4 53.Ra5 Be3+ 54.Kd1 Bf3+ 55.Ke1 Rb2 56.Ra6+ Kb7 57.Ra1 Bf2+
58.Kf1 Bxg3 59.Be1 Be5 60.Bf2 Rxf2+  1/2-1/2

[Event "Calcutta op"]
[Site "Calcutta"]
[Date "1996.??.??"]
[Round "8"]
[White "Dhar, Saheli"]
[Black "Donguines, Fernie"]
[Result "0-1"]
[WhiteElo "2205"]
[BlackElo "2445"]

1.e4 c5 2.Nf3 Nc6 3.d4 cxd4 4.Nxd4 Qc7 5.Nc3 e6 6.Be2 a6 7.O-O Nf6 8.Be3 b5
9.a3 Ne5 10.Ndxb5 axb5 11.Nxb5 Qc6 12.Qd4 Neg4 13.Bf4 Bc5 14.Qd1 O-O 15.b4 Nxf2
16.Rxf2 Bxf2+ 17.Kxf2 Nxe4+ 18.Kg1 Ba6 19.Nd4 Qd5 20.Nb3 Nc3 21.Bf3 Qxd1+
22.Bxd1 Be2 23.Be5 Nxd1 24.Nd4 Bh5 25.b5 Nc3 26.b6 Ra6 27.Nf3 Bxf3 28.gxf3 Na4
29.b7 d6 30.Rb1 Rb8 31.Bd4 h6 32.Rb4  0-1

[Event "Calcutta op"]
[Site "Calcutta"]
[Date "1996.??.??"]
[Round "10"]
[White "Prasad, Devaki V"]
[Black "Rahman, Ziaur"]
[Result "0-1"]
[WhiteElo "2445"]
[BlackElo "2455"]

1.e4 c5 2.Nf3 Nc6 3.d4 cxd4 4.Nxd4 Qc7 5.Nc3 e6 6.Be2 a6 7.O-O Nf6 8.Be3 Bb4
9.Na4 Be7 10.c4 Nxe4 11.Nxc6 bxc6 12.f4 c5 13.Bd3 Bb7 14.f5 Nf6 15.Bf4 e5
16.Bg3 d6 17.Nc3 g6 18.Qe2 Rb8 19.Bh4 g5 20.Be1 Bc6 21.b3 Qb7 22.Bd2 Bd8
23.Nd5 Nxd5 24.cxd5 Bb5 25.Qe4 Bxd3 26.Qxd3 Qb5 27.Qe4 Bf6 28.Rac1 Kd7 29.Rc4 h5
30.Rfc1 a5 31.Ra4 Ra8 32.Rcc4 Qb6 33.Kf1 Rhg8 34.Be3 g4 35.Bd2 Qd8 36.Rc2 Bg5
37.Bc3 Bh6 38.g3 h4 39.Rf2 Qg5 40.Bxa5 hxg3 41.hxg3 Qe3 42.Qc4 Qc1+ 43.Be1 Qxc4+
44.Rxc4 Be3 45.Rfc2 Rg5 46.Re4 Bd4 47.Kg2 Rag8 48.f6 Rf5 49.Bf2 Rxf6 50.Bxd4 cxd4
51.Rc6 Rc8 52.Rxc8 Kxc8 53.Rxg4 d3 54.Rc4+ Kb7 55.Rc1 e4 56.Rd1 Kb6  0-1

[Event "Cannes op"]
[Site "Cannes"]
[Date "1996.??.??"]
[Round "1"]
[White "Palac, Mladen"]
[Black "Knezevic, Bojan"]
[Result "1-0"]
[WhiteElo "2545"]
[BlackElo "2380"]

1.e4 c5 2.Nf3 Nc6 3.d4 cxd4 4.Nxd4 Qb6 5.Nb3 Nf6 6.Nc3 e6 7.Bd3 a6 8.Be3 Qc7
9.f4 d6 10.Qe2 b5 11.O-O-O Rb8 12.Kb1 Nd7 13.g4 Nb6 14.Qf2 Na4 15.Ne2 g6
16.Ned4 Bg7 17.Nxc6 Qxc6 18.Bd4 e5 19.Ba7 Ra8 20.f5 gxf5 21.gxf5 Bf6 22.Be3 Bb7
23.Rhg1 Qc7 24.Bg5 Qe7 25.Bxf6 Qxf6 26.Na5 Bc8 27.c4 Nc5 28.Bc2 Rb8 29.cxb5 axb5
30.b4 Nd7 31.Qa7 Rb6 32.Bd3 Qd8 33.Rc1 Ra6 34.Qc7 Ke7 35.Nc6+ Rxc6 36.Rxc6 Qxc7
37.Rxc7  1-0

[Event "Cappelle op"]
[Site "Cappelle la Grande "]
[Date "1996.??.??"]
[Round "5"]
[White "Aleksieva, Silvia"]
[Black "Horvath, Jozsef"]
[Result "0-1"]
[WhiteElo "2345"]
[BlackElo "2505"]

1.e4 c5 2.Nf3 Nc6 3.d4 cxd4 4.Nxd4 Qc7 5.Nc3 e6 6.Be2 a6 7.O-O Nf6 8.Kh1 Be7
9.f4 d6 10.Be3 O-O 11.Qe1 Nxd4 12.Bxd4 b5 13.a3 Bb7 14.Qg3 Rad8 15.Bd3 Rd7
16.Rae1 Re8 17.e5 dxe5 18.Bxe5 Qd8 19.Ne4 g6 20.Bxf6 Bxf6 21.Nc5 Bh4 22.Qg4 Bxe1
23.Nxd7 Qxd7 24.Rxe1 Qd4 25.b3 e5 26.h3 e4 27.f5 Qc3 28.Re2 Bc6 29.Bxe4 Qa1+
30.Kh2 Qe5+  0-1

[Event "Capablanca mem-B"]
[Site "Cienfuegos"]
[Date "1996.??.??"]
[Round "8"]
[White "Diaz, Joaquin C"]
[Black "Alvarez, Jose"]
[Result "1/2-1/2"]
[WhiteElo "2410"]
[BlackElo "2415"]

1.e4 c5 2.Nf3 Nc6 3.d4 cxd4 4.Nxd4 Qb6 5.Nb3 Nf6 6.Nc3 e6 7.Bd3 a6 8.Be3 Qc7
9.f4 d6 10.O-O Be7 11.a3 b5 12.Qf3 Rb8 13.Kh1 b4 14.Ne2 bxa3 15.bxa3 g6 16.Ned4 O-O
17.Nxc6 Qxc6 18.f5 exf5 19.exf5 Qxf3 20.Rxf3 Ng4 21.Ba7 Rb7 22.Bd4 Ne5 23.f6 Bd8
24.Bxe5 dxe5 25.Bxa6 Rxb3 26.Bxc8 Rxf3 27.gxf3 Bxf6 28.Bb7 e4 29.Re1 exf3
30.Bxf3 Rc8 31.Be4 Rc4 32.Kg2 Bb2 33.Re3 Bxa3 34.Bxg6 hxg6 35.Rxa3 Rxc2+
36.Kg3 Kg7 37.h4 Kh6 38.Kh3 Kh5 39.Rf3 Rc7 40.Rf6 Ra7 41.Kg3 Kh6 42.Kg4 Kg7
43.Rb6 Ra4+ 44.Kg3 f5 45.Rb8 Ra3+ 46.Kg2 Re3 47.Ra8 Kf6  1/2-1/2

[Event "CZE-chT 9596"]
[Site "?"]
[Date "1996.??.??"]
[Round "6"]
[White "Vavra, Pavel"]
[Black "Vokac, Marek"]
[Result "0-1"]
[WhiteElo "2350"]
[BlackElo "2455"]

1.e4 c5 2.Nf3 Nc6 3.d4 cxd4 4.Nxd4 Qb6 5.Nb3 Nf6 6.Nc3 e6 7.Be3 Qc7 8.f4 d6
9.Qf3 a6 10.g4 b5 11.g5 Nd7 12.O-O-O b4 13.Ne2 Bb7 14.Ng3 Rc8 15.Kb1 g6 16.Qf2 Bg7
17.f5 Be5 18.Bd3 Na5 19.Nxa5 Qxa5 20.fxe6 fxe6 21.Rhf1 Rf8 22.Qd2 Ke7 23.Rxf8 Rxf8
24.a3 Bc3 25.axb4  0-1

[Event "Dresden op"]
[Site "Dresden"]
[Date "1996.??.??"]
[Round "8"]
[White "Lawrenz, Alexander"]
[Black "Pachow, Joerg"]
[Result "0-1"]
[WhiteElo "2165"]
[BlackElo "2330"]

1.e4 c5 2.Nf3 Nc6 3.d4 cxd4 4.Nxd4 Qb6 5.Nb3 e6 6.Nc3 Nf6 7.Be3 Qc7 8.f4 d6
9.Qf3 a6 10.O-O-O Be7 11.g4 Rb8 12.g5 Nd7 13.h4 b5 14.h5 b4 15.Na4 Na5 16.Nxa5 Qxa5
17.b3 Bb7 18.Bc4 Rc8 19.Rd4 Nc5 20.g6 f5 21.h6 hxg6 22.hxg7 Rg8 23.Qg2 Rxg7
24.Nxc5 Rxc5 25.Bxe6 Bf6 26.Bc4 Qxa2 27.Rxd6 Rxc4 28.bxc4 b3 29.Rh8+ Ke7
30.Rxf6 b2+ 31.Kd2 Qa5+ 32.c3 b1=Q 33.Re6+ Kxe6 34.exf5+ gxf5 35.Re8+ Kd7
36.Qxg7+ Kxe8 37.Qg8+ Kd7 38.Qf7+ Kc8 39.Qe6+ Kb8 40.Qd6+ Qc7 41.Ba7+ Kc8  0-1

[Event "FIN-chT 9697"]
[Site "FIN"]
[Date "1996.??.??"]
[Round "3.3"]
[White "Kytoniemi, Jyrki"]
[Black "Hakulinen, Esko Matti"]
[Result "1/2-1/2"]
[WhiteElo "2220"]
[BlackElo "2340"]

1.e4 c5 2.Nf3 Nc6 3.d4 cxd4 4.Nxd4 Qc7 5.Nc3 e6 6.Be3 a6 7.Be2 Nf6 8.a3 b5
9.O-O Bb7 10.Nxc6 Bxc6 11.Bd3 d6 12.Qe2 Be7 13.Rae1 O-O 14.f4 Qb7 15.Bd4 Nd7
16.e5 dxe5 17.fxe5 Nc5 18.Bxh7+ Kxh7 19.Qh5+ Kg8 20.Re3 Bxg2 21.Rf2 g6 22.Qh6 Rfd8
23.Rxg2 Rxd4 24.Rh3 Bh4 25.Rxh4 Rxh4 26.Qxh4 Qc7 27.Qf4 Nd7 28.Re2 Kg7 29.h4 Rh8
30.Rf2 Rf8 31.Re2 Qc5+ 32.Kg2 f6 33.exf6+ Rxf6 34.Qe3 Qf5 35.Qg3 Qf1+ 36.Kh2 Rf3
37.Qg2 Nf6 38.Qxf1 Rxf1 39.Kg2 Rc1 40.Kg3 Kf7 41.Kg2 Nd5  1/2-1/2

[Event "FIN-chT 9697"]
[Site "FIN"]
[Date "1996.??.??"]
[Round "4.4"]
[White "Helenius, Martti"]
[Black "Luukkonen, Tommi"]
[Result "0-1"]
[WhiteElo "2280"]
[BlackElo "2100"]

1.e4 c5 2.Nf3 Nc6 3.d4 cxd4 4.Nxd4 Qb6 5.Nb3 Nf6 6.Nc3 e6 7.Bg5 Be7 8.Be2 h6
9.Be3 Qc7 10.O-O a6 11.f4 d6 12.Qe1 b5 13.Qg3 b4 14.Nd1 Nxe4 15.Qxg7 Bf6
16.Qg4 Bb7 17.Bf3 Ne7 18.Nd4 Rg8 19.Qh3 Bxd4 20.Bxd4 Nf5 21.Bf2 Nd2 22.Bxb7 Qxb7
23.Ne3 Nxe3 24.Bxe3 Nxf1 25.Rxf1 Rc8 26.Rc1 Qe4 27.Re1 Rxc2 28.Bf2 Qxf4 29.Bg3 Rxg3  0-1

[Event "Troll Masters"]
[Site "Gausdal"]
[Date "1996.??.??"]
[Round "2"]
[White "Wicklund Hansen, Richard"]
[Black "Schmittdiel, Eckhard"]
[Result "0-1"]
[WhiteElo "2025"]
[BlackElo "2430"]

1.e4 c5 2.Nf3 Nc6 3.d4 cxd4 4.Nxd4 Qb6 5.Nb5 a6 6.Be3 Qa5+ 7.Bd2 Qd8 8.N5a3 Nf6
9.f3 e6 10.Nc4 d5 11.exd5 exd5 12.Qe2+ Be7 13.Ne5 Nxe5 14.Qxe5 O-O 15.Nc3 Bd6
16.Qd4 Re8+ 17.Be2 Be5 18.Qf2 Qe7 19.Kf1 Qb4 20.Rb1 Bf5 21.a3 Qa5 22.Bd3 Bxd3+
23.cxd3 d4 24.Na2 Qb5 25.Nc1 Nd5 26.f4 Bf6 27.Qf3 Nc3 28.Bxc3 dxc3 29.b4 c2
30.Rb3 a5 31.g3 a4  0-1

[Event "BL9697 (Women)"]
[Site "Germany"]
[Date "1996.??.??"]
[Round "?"]
[White "Barthel, Bergit"]
[Black "Voiska, Margarita"]
[Result "0-1"]
[WhiteElo "2095"]
[BlackElo "2340"]

1.e4 c5 2.Nf3 Nc6 3.d4 cxd4 4.Nxd4 Qc7 5.Nc3 e6 6.Be3 Nf6 7.g3 a6 8.Bg2 d6
9.O-O Be7 10.h3 Bd7 11.f4 Nxd4 12.Bxd4 Bc6 13.a4 O-O 14.a5 Nd7 15.Qd2 Rae8
16.Rfd1 f5 17.exf5 Bxg2 18.Qxg2 Rxf5 19.Qe4 Bf8 20.b4 d5 21.Qe3 Bd6 22.Rab1 Nf8
23.b5 g5 24.fxg5 Bxg3 25.Bb6 Qg7 26.Rf1 Rxg5 27.Kh1 Rh5 28.Rxf8+ Rxf8 29.Qxe6+ Qf7
30.Qg4+ Qg6 31.Qxg6+ hxg6 32.Kg2 Be5 33.Ne2 Rg5+ 34.Kh1 Rf3 35.Rb3 Rxb3 36.cxb3 axb5
37.Be3 Rf5 38.Kg2 Rf8 39.Nd4 Bxd4 40.Bxd4 Rf4 41.Be3 Rb4  0-1

[Event "BL2-W9596"]
[Site "Germany"]
[Date "1996.??.??"]
[Round "?"]
[White "Schulz, Klaus Juergen"]
[Black "Kohlweyer, Bernd"]
[Result "0-1"]
[WhiteElo "2405"]
[BlackElo "2420"]

1.e4 c5 2.Nf3 Nc6 3.d4 cxd4 4.Nxd4 Qc7 5.Nb5 Qb8 6.c4 Nf6 7.N5c3 e6 8.f4 d6
9.Be2 Be7 10.Bf3 O-O 11.g4 a6 12.Be3 Nd7 13.Na3 Bh4+ 14.Kf1 g5 15.fxg5 Nce5
16.Be2 b6 17.Kg2 Bb7 18.Kh3 Ng6 19.Rf1 f6 20.gxf6 Bxf6 21.Qd2 Nc5 22.Rad1 Be5
23.Bh6 Rxf1 24.Rxf1 Nxe4 25.Nxe4 Bxe4 26.Bf3 Bxf3 27.Rxf3 Qb7 28.Rf2 b5 29.b3 Re8
30.Qe2 Qe7 31.Kg2 d5 32.Nc2 bxc4 33.bxc4 dxc4 34.Ne3 c3 35.Nc4 Bd4 36.Rf1 Nh4+
37.Kh3 Ng6 38.Kg2 Rc8 39.Qe4 Bh8 40.Nb6 Re8 41.Nc4 Qd8 42.Ne3 Be5 43.Qb7 Qa8
44.Rf7 Qxb7+ 45.Rxb7 Rc8 46.Nc2 Rb8 47.Rxb8+ Bxb8 48.Bg5 Kf7 49.Bd8 Bd6 50.Ba5 Nf4+
51.Kf3 Nd5 52.h4 Be7 53.h5 Bg5 54.Ke4 Bd2 55.Bd8 h6 56.a4 Ke8 57.Bh4 a5 58.Kd3 Nb6
59.Na3 Nxa4 60.Nc4 Nb2+ 61.Nxb2 cxb2 62.Kc2 Bc3 63.Kb1 Kf7 64.Bf2 e5 65.Be3 Kg7
66.Ka2 a4  0-1

[Event "BL2-W9596"]
[Site "Germany"]
[Date "1996.??.??"]
[Round "?"]
[White "Morawietz, Dieter"]
[Black "Martinovic, Slobodan"]
[Result "1/2-1/2"]
[WhiteElo "2415"]
[BlackElo "2460"]

1.e4 c5 2.Nf3 Nc6 3.d4 cxd4 4.Nxd4 Qb6 5.Nb3 Nf6 6.Nc3 e6 7.g3 Bb4 8.Bg2 d5
9.O-O dxe4 10.Nxe4 Nxe4 11.Bxe4 O-O 12.c4 Be7 13.Bd2 Rd8 14.Qc2 h6 15.Rad1 Bd7
16.Bc3 Nb4 17.Qb1 Ba4 18.Rxd8+ Rxd8 19.Nc1 a5 20.b3 Be8 21.Qb2 Bf8 22.Qe2 Bc6
23.Bxc6 Nxc6 24.Rd1 Bb4 25.Bxb4 Nxb4 26.Rd2 Nc6 27.Rxd8+ Qxd8 28.Qd3 Qf6
29.Kg2 Qb2 30.Qd1 g6 31.Nd3 Qd4 32.Qe2 h5 33.h4 e5 34.Qe3 Qxe3 35.fxe3 b6
36.Kf3 f5 37.Ke2 Kf7 38.a3 Kf6 39.Kd2 g5 40.Ke2 gxh4 41.gxh4 Ke6 42.b4 axb4
43.axb4 Kd6 44.Kf2 Ne7 45.Kg3 Ng6 46.Nb2 f4+ 47.exf4 exf4+ 48.Kf3 Ke5 49.Nd3+ Kf5
50.c5 bxc5 51.bxc5  1/2-1/2

[Event "NRW-Liga II 9697"]
[Site "Germany"]
[Date "1996.??.??"]
[Round "1.5"]
[White "Gikas, Basilius"]
[Black "Beilfuss, Wilfried"]
[Result "1-0"]
[WhiteElo "2080"]
[BlackElo "2260"]

1.e4 c5 2.Nf3 Nc6 3.d4 cxd4 4.Nxd4 Qb6 5.Nb3 Nf6 6.Nc3 e6 7.Bd3 a6 8.O-O Be7
9.a4 Qc7 10.f4 d6 11.a5 b6 12.axb6 Qxb6+ 13.Kh1 O-O 14.Qe2 Nb4 15.e5 Nxd3
16.Qxd3 dxe5 17.fxe5 Nd7 18.Qg3 Qc7 19.Bf4 Bb7 20.Na5 Rfd8 21.Bh6 g6 22.Nxb7 Qxb7
23.Qf4 f5 24.exf6 Bxf6 25.Ne4 Be5 26.Qf7+ Kh8 27.Rf6 Rg8 28.Ng5 Nc5 29.Qxb7 Nxb7
30.Nf7+  1-0

[Event "Graz op"]
[Site "Graz"]
[Date "1996.??.??"]
[Round "?"]
[White "Steudel, Karl"]
[Black "Rabiega, Robert"]
[Result "1/2-1/2"]
[WhiteElo "2255"]
[BlackElo "2490"]

1.e4 c5 2.Nf3 Nc6 3.d4 cxd4 4.Nxd4 Qb6 5.Nb3 Nf6 6.Nc3 e6 7.Bd3 Be7 8.Qe2 a6
9.e5 Ng8 10.f4 d6 11.exd6 Bxd6 12.Ne4 Be7 13.Be3 Qc7 14.O-O-O Nf6 15.Nxf6+ Bxf6
16.Kb1 O-O 17.g4 Nb4 18.Be4 Re8 19.g5 Be7 20.Qf3 Bd7 21.c3 Nd5 22.Bd2 Nb6
23.Nd4 Nc4 24.Bc1 Rac8 25.h4 Nd6 26.Bc2 Nf5 27.h5 Bc5 28.Nxf5 exf5 29.g6 Bc6
30.gxf7+ Qxf7 31.Qh3 Be4 32.Bxe4 Rxe4 33.Rd3 Rce8 34.Rhd1 Re1 35.Rd7 Rxd1
36.Rxf7 Be3 37.Kc2 Rxc1+ 38.Kb3 Kxf7 39.Qxf5+ Kg8 40.Qd7 Rf8 41.Qe6+ Kh8
42.Qe7 Kg8 43.Qe6+ Kh8 44.Qe7  1/2-1/2

[Event "Graz op"]
[Site "Graz"]
[Date "1996.??.??"]
[Round "?"]
[White "Mihevc, Narcisa"]
[Black "Simic, Dragan"]
[Result "0-1"]
[WhiteElo "2250"]
[BlackElo "2330"]

1.e4 c5 2.Nf3 Nc6 3.d4 cxd4 4.Nxd4 Qc7 5.Nc3 e6 6.Be2 a6 7.O-O Nf6 8.Be3 b5
9.Nxc6 dxc6 10.a3 e5 11.Bf3 Be7 12.Qe2 Be6 13.Rfd1 O-O 14.Rd2 Rad8 15.Rad1 Rxd2
16.Rxd2 Rd8 17.h3 h6 18.Qd1 Kf8 19.Kh2 Rxd2 20.Qxd2 Qd6 21.Qxd6 Bxd6 22.g3 Ke7
23.Bg2 Nd7 24.f4 f6 25.Kg1 Bc5 26.Kf2 Kd6 27.Bxc5+ Kxc5 28.Nd1 a5 29.Ne3 Nb6
30.fxe5 fxe5 31.b3 Kd4 32.Nf5+ Bxf5 33.exf5 e4 34.g4 b4 35.axb4 axb4 36.h4 Ke5
37.Kg3 Nd5 38.Kf2 Kf4 39.Bh3 Ne3 40.g5 Nxf5 41.gxh6 gxh6 42.h5 Ng7 43.Bd7 c5  0-1

[Event "Koop Tjuchem op"]
[Site "Groningen"]
[Date "1996.??.??"]
[Round "3"]
[White "Lobzhanidze, Davit"]
[Black "Kogan, Artur"]
[Result "1-0"]
[WhiteElo "2330"]
[BlackElo "2475"]

1.e4 c5 2.Nf3 Nc6 3.d4 cxd4 4.Nxd4 Qc7 5.Nc3 e6 6.g3 a6 7.Bg2 Nf6 8.O-O Bc5
9.Nxc6 bxc6 10.Na4 Be7 11.e5 Nd5 12.c4 Nb6 13.Nxb6 Qxb6 14.Qg4 g6 15.h4 h5
16.Qe2 Rb8 17.b3 c5 18.Bf4 Bb7 19.Rad1 Bxg2 20.Kxg2 Qc6+ 21.Kh2 Rb7 22.Rd3 O-O
23.Rfd1 a5 24.Qd2 a4 25.Rxd7 axb3 26.axb3 Rfb8 27.Rxb7 Qxb7 28.Rb1 Rd8 29.Qe3 Rd4
30.Ra1 Kh7 31.Re1 Bd8 32.Re2 Rd1 33.Qe4 Qxb3 34.Rd2 Kg7 35.Rxd1 Qxd1 36.Be3 Be7
37.Qb7 Qd8 38.Qc6 Qf8 39.Kg2 Kg8 40.Kg1 Kg7 41.Kg2 Kg8 42.Kf1 Kg7 43.Qc7 Kg8
44.Ke2 Kg7 45.Kd3 Kg8 46.Ke2 Kg7 47.Kd2 Kg8 48.Kd3 Kg7 49.Kc2 Kh7 50.Bg5 Bxg5
51.hxg5 Kg7 52.Kb3 Kg8 53.Ka4 Kg7 54.Kb5 Qe8+ 55.Kxc5 Qa4 56.Kd6 Qd1+ 57.Ke7 Qg4
58.Ke8 Qf3 59.c5 Qa8+ 60.Ke7 Qa3 61.Kd7 Qd3+ 62.Ke8 Kh8 63.c6 h4 64.gxh4 Qd4
65.Qd8  1-0

[Event "Hamburg HSK-B"]
[Site "Hamburg"]
[Date "1996.??.??"]
[Round "2"]
[White "Trisic, Alexandar"]
[Black "Giffard, Nicolas"]
[Result "0-1"]
[WhiteElo "2285"]
[BlackElo "2400"]

1.e4 c5 2.Nf3 Nc6 3.d4 cxd4 4.Nxd4 Qb6 5.Nb3 Nf6 6.Nc3 e6 7.Bd3 Bb4 8.O-O Bxc3
9.bxc3 O-O 10.Bg5 Ne5 11.Bxf6 gxf6 12.Qh5 Kh8 13.Kh1 d6 14.f4 Ng6 15.Qh6 Qd8
16.Rf3 Rg8 17.Rh3 Rg7 18.f5 Ne5 19.Nd4 exf5 20.exf5 Bd7 21.Re1 Bc6 22.Be4 d5
23.Bd3 Qd6 24.Qf4 Rag8 25.Ree3 Qd8 26.Rxe5 fxe5 27.Qxe5 Qg5 28.Rxh7+ Kxh7
29.f6+ Kh8 30.fxg7+ Rxg7 31.Qxg5 Rxg5 32.Kg1 Bd7 33.Kf2 Rg8 34.g3 Rc8  0-1

[Event "HUN-chT1 9697"]
[Site "Hungary"]
[Date "1996.??.??"]
[Round "2"]
[White "Fogarasi, Tibor"]
[Black "Szuk, Balazs"]
[Result "1/2-1/2"]
[WhiteElo "2500"]
[BlackElo "2340"]

1.e4 c5 2.Nf3 Nc6 3.d4 cxd4 4.Nxd4 Qc7 5.Nc3 e6 6.f4 a6 7.Nxc6 Qxc6 8.Bd3 b5
9.a3 Bb7 10.Qe2 Nf6 11.e5 b4 12.axb4 Bxb4 13.Bd2 Nd5 14.Nxd5 Bxd2+ 15.Qxd2 Qxd5
16.O-O O-O  1/2-1/2

[Event "ISR-chT"]
[Site "Israel"]
[Date "1996.??.??"]
[Round "10"]
[White "Blodstein, Boris"]
[Black "Bar, Roman"]
[Result "1-0"]
[WhiteElo "2195"]
[BlackElo "2160"]

1.e4 c5 2.Nf3 Nc6 3.d4 cxd4 4.Nxd4 Qc7 5.Nc3 e6 6.Be3 a6 7.Qd2 Nf6 8.f3 b5
9.g4 d6 10.g5 Nd7 11.Nxc6 Qxc6 12.O-O-O Bb7 13.h4 O-O-O 14.Kb1 Ne5 15.Qf2 b4
16.Ne2 d5 17.Bh3 Be7 18.Bd4 Nc4 19.Bxg7 Rhg8 20.Bd4 Kb8 21.e5 Rc8 22.Ka1 a5
23.f4 a4 24.Nc1 Bd8 25.f5 Bb6 26.Nd3 Bxd4 27.Qxd4 b3 28.Rc1 Rge8 29.Rh2 Qb5
30.fxe6 fxe6 31.a3 bxc2 32.Rhxc2 Rc7 33.Qc3 Rf7 34.Bg4 Rfe7 35.Nb4 Na5 36.Kb1 Nc4
37.Be2 Rc8 38.Qd4 Rd7 39.Qg4 Qb6 40.Bxc4 dxc4 41.Rxc4 Rxc4 42.Qxc4 Rd4 43.Nc6+ Bxc6
44.Qxc6 Qxc6 45.Rxc6 Rxh4 46.Rxe6 Rh5 47.Rb6+ Kc8 48.Rb4 Rxg5 49.Rxa4 Rxe5
50.Ra7 h5 51.Rh7 Kd8 52.Ka2 Ke8 53.a4 Kf8 54.b4 Kg8 55.Rd7 h4 56.Kb3 h3 57.Rd2 Rh5
58.Rh2 Kf7 59.a5 Ke6 60.a6 Rh7 61.b5 Kd6 62.b6 Kc6 63.b7 Rh8 64.Rc2+  1-0

[Event "ISR-chT"]
[Site "Israel"]
[Date "1996.??.??"]
[Round "11"]
[White "Kagan, Shimon"]
[Black "Avrukh, Boris"]
[Result "0-1"]
[WhiteElo "2375"]
[BlackElo "2495"]

1.e4 c5 2.Nf3 Nc6 3.d4 cxd4 4.Nxd4 Qb6 5.Nb3 Nf6 6.Nc3 e6 7.Be3 Qc7 8.a3 a6
9.Be2 Be7 10.O-O O-O 11.f4 d6 12.Bf3 b5 13.Qd2 Rb8 14.Kh1 Re8 15.Qf2 Bb7
16.Bb6 Qc8 17.Na5 Nxa5 18.Bxa5 e5 19.Qg3 exf4 20.Qxf4 Bf8 21.Rad1 Qc5 22.Rfe1 Rbc8
23.Qd2 Re6 24.Re2 h5 25.Qf4 g5 26.Qg3 g4 27.e5 h4 28.Qxh4 gxf3 29.Qg3+ Ng4
30.gxf3 Rg6 31.Bb4 Qxe5 32.Rxe5 Nxe5 33.Qxg6+ fxg6 34.Kg1 Bxf3 35.Rd4 Bb7
36.Kf2 Nc4 37.Nd1 Bg7 38.Rg4 Ne5  0-1